书目信息 |
| 题名: |
室内设计师从业资格培训教程
|
|
| 作者: | 左爱军 , 常红波 编著 | |
| 分册: | ||
| 出版信息: | 北京 中国电力出版社 2007.04 |
|
| 页数: | 182页 | |
| 开本: | 26cm | |
| 丛书名: | ||
| 单 册: | ||
| 中图分类: | TU238 | |
| 科图分类: | ||
| 主题词: | 室内设计--shi nei she ji--技术培训--教材 | |
| 电子资源: | ||
| ISBN: | 978-7-5083-5391-3 | |
| 000 | 00939nam0 2200241 450 | |
| 001 | 012007457361 | |
| 005 | 20070927092200.45 | |
| 010 | @a978-7-5083-5391-3@dCNY32.00 (含光盘) | |
| 100 | @a20070712d2007 km y0chiy0120 ea | |
| 101 | 0 | @achi |
| 102 | @aCN@b110000 | |
| 105 | @aa z 000yy | |
| 200 | 1 | @a室内设计师从业资格培训教程@Ashi nei she ji shi cong ye zi ge pei xun jiao cheng@f左爱军, 常红波编著@Fzuo ai jun,chang hong bo bian zhu |
| 210 | @a北京@c中国电力出版社@d2007.04 | |
| 215 | @a182页@c图@d26cm@e光盘1片 | |
| 307 | @a光盘 ISBN : 978-7-900226-19-9 | |
| 330 | @a本书从室内设计的基础理论开始介绍,系统讲解了室内设计的工作流程、室内设计的绘制方法与后期效果图的表现技法等知识,告诉读者如何构思、如何设计、如何制作。 | |
| 606 | 0 | @a室内设计@Ashi nei she ji@x技术培训@j教材 |
| 690 | @aTU238@v4 | |
| 701 | 0 | @a左爱军@Azuo ai jun@4编著 |
| 701 | 0 | @a常红波@Achang hong bo@4编著 |
| 801 | 0 | @aCN@c20070927 |
| 905 | @dTU238@eZ989 | |
| 室内设计师从业资格培训教程/左爱军, 常红波编著.-北京:中国电力出版社,2007.04 |
| 182页:图;26cm+光盘1片 |
| ISBN 978-7-5083-5391-3:CNY32.00 (含光盘) |
| 本书从室内设计的基础理论开始介绍,系统讲解了室内设计的工作流程、室内设计的绘制方法与后期效果图的表现技法等知识,告诉读者如何构思、如何设计、如何制作。 |
| ● |
| 相关链接 |
|
|
|
正题名:室内设计师从业资格培训教程
索取号:TU238/Z989
 
预约/预借
| 序号 | 登录号 | 条形码 | 馆藏地/架位号 | 状态 | 备注 |
| 1 | 245008 | 202450089 | 建筑库101/101建筑库 51排7列2层/ [索取号:TU238/Z989] | 在馆 | |
| 2 | 245009 | 202450098 | 建筑库101/101建筑库 51排7列2层/ [索取号:TU238/Z989] | 在馆 | |
| 3 | 245010 | 202450105 | 建筑库101/101建筑库 51排7列2层/ [索取号:TU238/Z989] | 在馆 |